000 00711cam a22002414a 4500
001 sa 66006778
003 DLC
005 20260227112259.0
008 940609s1965 pk b 000 0 urdo
010 _asa 66006778
035 _a(OCoLC)30578805
040 _aDLC
_cDLC
_dDLC
050 0 0 _aPK2198
_b.Q3 1965
100 1 _aQāʼim, Muḥammad Qiyāmuddīn,
_d1726?-1795?
240 1 0 _aWorks.
_f1965
245 1 0 _aKulliyāt-i Qāʼim /
_cmurattibah Iqtidā Ḥasan.
260 _aLāhaur :
_bMajlis-i Taraqqī-yi Adab,
_c1965.
300 _a2 v. ;
_c22 cm.
490 0 _aUrdū kā kalāsīkī adab ;
_v61
546 _aIn Urdu.
504 _aIncludes bibliographical references.
700 1 _aHasan, Iqtida.
999 _c70727
_d70727